| 000 | 01076nam1a2200253 i 4500 | ||
|---|---|---|---|
| 001 | RU\NLR\BIBL_A\011184879 | ||
| 005 | 20260407071216.0 | ||
| 035 | _a(NLR Aleph) 011184879 | ||
| 090 |
_a11835870 _c11835870 |
||
| 100 | _a20160727d1940 c y0rusy50 ca | ||
| 101 | 0 | _asah | |
| 102 | _aRU | ||
| 105 | _aa z 000 y | ||
| 200 | 1 |
_aГеография _eбастааҥҥы оскуола үөрэнэр кинигэ _fЛ. Г. Терехова уонна В. Г. Эрдели _gГ. Ф. Попов тылб. |
|
| 210 |
_aМосква _cУчпедгиз _d1940 |
||
| 215 | _d23 | ||
| 541 | 1 |
_aГеография _eучеб. для нач. шк. _zrus |
|
| 606 | 1 |
_aГеография _jУчебники для начальной школы _91002053 _3RU\NLR\AUTH\6662461 |
|
| 686 | 1 | _aД82 я72 | |
| 700 | 1 |
_aТерехова _bЛ.Г. _gЛидия Григорьевна _4070 |
|
| 701 | 1 |
_4070 _7ca _8rus _aЭрдели _bВ. Г. _f1886-1968 _gВладимир Георгиевич _9268084 _3RU\NLR\AUTH\770268140 |
|
| 852 |
_aNLR _bОНЛ _jЯкут./3-137 |
||
| 942 | _cBOOK | ||